[Event "SaitekSparc_Risc2500akt"]
[Site "Zürich"]
[Date "2019.01.08"]
[Round "8"]
[White "Saitek Risc 2500 aktiv"]
[Black "Saitek Sparc"]
[Result "1-0"]
[WhiteElo "2247"]
[BlackElo "2254"]
[Annotator "KUT"]
[PlyCount "172"]
[EventDate "2019.01.01"]

1. e4 e6 {Match 120'/40 | Bediener: Rolf Bühler | 8. Partie | ECO: C19,
Französische Verteidigung (Nimzowitsch-Variante) | Weiss gewinnt |
Zwischenstand: 5:3 (+4 -2 =2) für den Risc 2500 akt | Weiss wählt gegen das
scharfe Winawer-System eine harmlose Fortsetzung, was leichten Ausgleich für
Schwarz zur Folge hatte. Mit 13...b5 betoniert der Saitek Sparc seinen Läufer
auf a4 ein, der sich übrigens bis zum Partieende nie mehr bewegt. Mit dem
hübschen Durchbruch 15.c4! hätte Weiss eine Kurzpartie produzieren können.
Der Risc 2500 akt ging an dieser Möglichkeit vorbei und wahrscheinlich hätte
sich Schwarz bei bester Verteidigung halten können. Das schaffte der Saitek
Sparc jedoch nicht, auch wenn sich Weiss lange abmühen musste, um im Endspiel
den Sieg einzufahren.} 2. d4 d5 3. Nc3 Bb4 4. e5 c5 5. a3 Bxc3+ 6. bxc3 Ne7 7.
a4 Qa5 8. Qd2 {***ENDE BUCH***} (8. Bd2 {ist die Hauptfortsetzung, denn mit 8.
Dd2 darf Weiss auf keinen Vorteil hoffen.}) 8... Bd7 {***ENDE BUCH***} 9. Ba3 {
Mit diesem harmlosen Läuferzug gibt es wenige Beispiele.} (9. Nf3 {Abweichung}
Nbc6 10. Be2 {Wieder im Buch} Rc8 11. dxc5 Ng6 12. O-O {Ende Buch} Ngxe5 13.
Nxe5 Nxe5 {Ende Buch} 14. Ba3 f6 15. f4 Nc4 16. Bxc4 dxc4 17. Rfe1 Qa6 18. Qd6
Rc6 19. Qb8+ Rc8 20. Qd6 Rc6 21. Qb8+ Rc8 22. Qd6 {Remis ½-½ (22) Saitek
Risc 2500 normal (2247)-Saitek Sparc (2254) Zürich 2018}) 9... cxd4 10. cxd4
Qxd2+ 11. Kxd2 Nf5 12. Nf3 Bxa4 {Normale Entwicklung mit 12...Sbc6 verdient
den Vorzug.} 13. Bd3 b5 $6 {Ungesund, wird doch damit der La4 eingemauert.
Dabei sprach nichts gegen 13...Lc6.} 14. Rhb1 a6 15. g4 {Hier hätte Weiss mit
dem überraschenden Vorstoss c2-c4 die Partie rasch für sich entscheiden
können.} (15. c4 $3 {fantastisch} bxc4 (15... dxc4 16. Be4 Ra7 17. Bc5 $18)
16. Bxf5 exf5 17. Rb7 Nd7 18. Bd6 Bc6 19. Rc7 Bb5 20. Re1 h6 21. Nh4 $18 {
und angesichts der kombinierten Drohungen Sxf5 und e5-e6 bricht die schwarze
Stellung in wenigen Zügen zusammen}) 15... Ne7 {Jetzt kann sich Schwarz
vorübergehend konsolidieren. Allerdings bleibt das Handicap des
eingeschlossenen Läufers auf a4.} 16. h4 Nbc6 17. Bd6 O-O (17... Kd7 {ist
eine menschliche Fortsetzung, werden doch die Türme verbunden und der Se7
gedeckt, so dass der zweite Springer mit Sc6-a5-c4 aktiv agieren könnte.}) 18.
Ng5 h6 19. Nf3 f6 20. Ke3 Rad8 21. Bc5 fxe5 22. Bxe7 Nxe7 23. Nxe5 Rd6 24. h5
Rc8 {Trotz des weissen Riesenspringers auf e5 und dem abseitsstehenden Läufer
auf a4, hat Schwarz doch einiger erreicht, indem er Druck auf c2 aufbauen kann.
Ferner steht ihm die Möglichkeit offen, den starken Se5 zu befragen und zum
Abtausch zu zwingen sowie auf der halboffenen f-Linie zu agieren.} 25. Ra2 Nc6
26. Ng6 (26. Nxc6 Rdxc6 27. Kd2 Rf8 $11) 26... Rd7 27. f3 Rf7 28. Raa1 Na5 29.
Ne5 Rfc7 30. Ra2 Nc6 (30... Nc4+ 31. Bxc4 dxc4) 31. Nxc6 {Jetzt ist dem Risc
2500 akt die Anrempelung seines starken Springers verleidet.} Rxc6 {Trotz der
an und für sich dummen Abseitsstellung des Läufers a4 hat Schwarz dank des
Drucks auf der halboffenen c-Linie das Gleichgewicht herstellen können. Man
wundert sich, wie es doch noch möglich ist, die schwarze Stellung zu knacken.
Wir werden sehen.} 32. Kd2 Kf7 33. Rbb2 Ke7 34. f4 Rc3 (34... Rf8 $142) 35. Rb1
Kd6 36. Rbb2 R8c6 $6 (36... R3c6 $142) 37. Ra1 Kd7 $6 {Schwarz hat sich zu
einer etwas unglücklichen Aufstellung seiner Figuren (Kd7, Tc3) entschieden.
Der König sollte auf d6 verharren, die Türme auf c8/c7 und c6 platziert
werden, um einen raschen Schwenk auf die f-Linie zu ermöglichen.} 38. Re1 {
Mit einer langen Variante, beginnend mit 38.g5 hätte Weiss dem Saitek Sparc
echte Probleme machen können.} (38. g5 Rc8 39. gxh6 gxh6 40. Rg1 R3c6 41. f5
Ke7 42. Rg7+ Kf6 43. Rg6+ Ke7 44. Rxh6 exf5 45. Rh7+ Kf6 46. Rb1 R8c7 47. Rxc7
Rxc7 48. Rf1 Kg7 49. Rxf5 $16) 38... Kc7 $2 {Verpasst den möglichen Ausgleich
mit ..Ta3, was dem Schwarzen endlich ermöglicht hätte zu versuchen, seinen
gestrandeten Läufer durch ...a5 gefolgt von ...b4 aus seinem Gefängnis zu
befreien.} (38... Ra3 $1 39. g5 a5 40. Bxb5 Bxb5 41. Rxb5 Rc4 42. Rb7+ Kc6 43.
Rxg7 Rxd4+ 44. Ke2 Re4+ 45. Kd2 Rd4+ 46. Ke2 Re4+ {Remis durch Dauerschach})
39. f5 (39. Ra2 $142) 39... exf5 40. gxf5 $16 Kb6 41. Re5 Kb7 42. Rxd5 Kc8 43.
Ra2 {verhindert ...a5 und ...b4} Kb8 44. f6 $2 {Auch danach hat Weiss noch
Vorteil, aber 44.Td8+ hätte alles klar gemacht. Doch liegt das technische
Können zum Erfolg weit über den Möglichkeiten der beiden Programme.} (44.
Rd8+ Rc8 (44... Kc7 45. Rg8 $18) 45. Rd6 R3c6 46. Rg6 Rxg6 47. hxg6 $18 {
und ob man es glauben will oder nicht: dies ist eine für Weiss gewonnene
Stellung}) 44... gxf6 45. Rf5 a5 46. d5 Rc8 47. Rxf6 R3c5 48. Rxh6 Rxd5 $11 {
Und wieder befindet sich die Stellung im Gleichgewicht.} 49. Rh7 Rc6 50. Ke3
Re6+ 51. Kf4 Rf6+ 52. Kg4 Rd4+ 53. Kg3 (53. Kg5 Rf2 $11) 53... Rdf4 $6 {
Besser 53...Td5 =} 54. h6 Rf2 55. Rd7 {Verpasst eine Gewinnmöglichkeit} (55.
Rg7 R2f3+ 56. Kg4 Rxd3 $8 57. cxd3 Rxh6 58. Kf4 $18) 55... R6f3+ (55... Bb3 $1
{hätte den Ausgleich gesichert}) 56. Kg4 Rf8 57. Rg7 Rh2 58. Kg5 Rf3 $2 {
Verpasst den Ausgleich und schlittert in eine verlorene Stellung.} (58... Rg2+
59. Kh5 Rh2+ 60. Kg6 Rff2 61. Bf5 Rxh6+ 62. Kxh6 Rxf5 63. c4 Rf6+ 64. Kg5 Rb6
$11) 59. h7 Rg2+ 60. Kh4 Rh2+ 61. Kg4 Rfh3 {Es drohte Tg8+ nebst h8D} 62. Bf5 {
Hübscher gewinnt 62.Ta1} (62. Ra1 Rh6 63. Kf4 R2h4+ 64. Ke3 Re6+ 65. Kd2 Rh2+
66. Kc1 $18 {und gewinnt}) 62... Rh6 63. Re7 Rg2+ 64. Kf3 Rgh2 65. Kf4 R6h5 66.
Be4 R2h4+ 67. Ke3 Rh2 68. Rb7+ (68. Ra1 $1 $18) 68... Kc8 69. Ra7 Kd8 70. Rxa5
$2 {Macht es unnötig spannend.} (70. Ra1 $142 $18) 70... Ke7 71. Ra8 Kd6 72.
Kd4 R5h3 73. Rd8+ Ke7 74. Rc8 Ke6 (74... Rd2+ $142) 75. Bd3 (75. Rc6+ {und +-})
75... Rh4+ (75... Rxh7 {bringt keine Rettung} 76. Bxh7 Rxh7 77. c4 Kd7 78. Rc5
$18) 76. Kc5 {Langsam und stetig macht Weiss Fortschritte.} Kd7 77. Rg8 {
Es gibt schon verschiedene Gewinnwege.} Rh6 78. Ra1 R2h5+ 79. Kb4 Rh4+ 80. c4
$1 {Das ist nur möglich, weil der La4 so dumm steht. Konkret geht ...bxc4??
nicht wegen Lf5+ nebst Txa4.} Kc7 81. Rc1 Kb6 82. Bg6 {Gar noch stärker ist
82.Tg6} Rh3 83. c5+ Ka7 84. c6 Kb6 85. Rb8+ Ka6 86. c7 {Die Umwandlung des
Bauern lässt sich nicht mehr verhindern.} R3h4+ {Schwarz gibt auf} 1-0

[Event "SaitekSparc_Risc2500akt"]
[Site "Zürich"]
[Date "2017.01.09"]
[Round "9"]
[White "Saitek Sparc"]
[Black "Saitek Risc 2500 aktiv"]
[Result "1/2-1/2"]
[WhiteElo "2254"]
[BlackElo "2247"]
[Annotator "KUT"]
[PlyCount "215"]
[EventDate "2019.01.01"]

1. e4 e5 {Match 120'/40 | Bediener: Rolf Bühler | 9. Partie | ECO: C43,
Russische Verteidigung (Petrow) | Remis | Zwischenstand: 5½:3½ (+4 -2 =3)
für den Risc 2500 akt | Statt im 11. Zug zu rochieren, geht Schwarz mit ...
Dc7 auf Bauernfang aus. Vorerst kann Weiss das abwehren, gibt aber später
doch seinen c-Bauer her und erhält dafür genügend Kompensation in Form
offener Linien am Damenflügel, dem gegnerischen Rochadeverlust und der
ungünstigen Position der schwarzen Dame. Der Saitek Sparc nimmt seine Chancen
indessen nicht wahr und gerät gar in eine nachteilige Stellung. Der Risc 2500
akt macht es indessen nicht besser und seiner geschwächten Königsstellung
wegen hätte er einem subtil vorgetragenen Angriff der weissen Figuren nicht
standhalten können. Weiss geht jedoch an seinem Glück vorbei und das nach
Damentausch entstehende Endspiel driftet ins Remis ab.} 2. Nf3 Nf6 3. d4 Nxe4
4. Bd3 d5 5. Nxe5 Nd7 6. Nxd7 Bxd7 7. O-O Bd6 8. c4 c6 {***ENDE BUCH***} 9.
cxd5 cxd5 10. Nc3 Nxc3 11. bxc3 {***ENDE BUCH***} Qc7 $6 {Dieser
materialistische begründete Doppelangriff auf die Bauern c3 und h2 hat den
Verlust der Rochade zur Folge. Richtig war deshalb 11...0-0} 12. Qe1+ $6 {
Aus Sicht des Saitek Sparc eine logische Antwort, um dem Gegner die Rochade zu
versauen und gleichzeitig den Schutz der angegriffenen Bauern c3 und h2 zu
ermöglichen.} Kf8 (12... Be6 {Abweichung} 13. Bb5+ Kf8 14. h3 Bf5 15. Qd2 Kg8
16. Re1 Rc8 17. Bb2 Bh2+ 18. Kh1 Bf4 19. Qe2 h5 20. Bd3 Bxd3 21. Qxd3 Rh6 22.
Qf5 Rd8 23. Re2 g6 24. Qc2 Rh8 25. Rae1 Bg5 26. Qb3 Bf6 27. Ba3 Rd7 28. Qa4 b6
29. Bc1 Rd8 30. Qb3 Qc6 31. Ba3 Rc8 32. Be7 Bg7 33. Re3 h4 34. Qa3 Rh5 35. f4
a5 36. Qb2 Re8 37. Qf2 Bf6 38. Bxf6 Rxe3 39. Qxe3 Qxf6 40. Kh2 Qd6 41. Qf2 Qc6
42. Re3 b5 43. Kh1 Kg7 44. Kg1 Rh8 45. f5 g5 46. Qf3 Qc4 47. f6+ Kh6 48. a3 Qb3
49. Kh2 a4 50. Re5 Rd8 51. Qf5 Rg8 52. Qd7 Kg6 53. Qc6 Rd8 54. Qc7 Rh8 55. Qc5
Rd8 56. Re7 Qb2 57. Qc7 Rf8 58. Rd7 Qxa3 59. Rxd5 Qc1 60. Rxb5 Rc8 61. Qxc8
Qf4+ 62. Kg1 Qc1+ 63. Kf2 Qd2+ 64. Kf1 Qd1+ 65. Kf2 Qd2+ 66. Kf3 Qd3+ 67. Kf2
Qxb5 68. Qg8+ Kxf6 69. Qd8+ Ke6 70. Qc8+ Qd7 71. Qc4+ Kf6 72. Ke2 Qb7 73. d5 a3
74. Qd4+ Kg6 75. Qd3+ Kg7 76. Qd2 f6 77. c4 Qb3 78. d6 Qxc4+ 79. Kf2 a2 80. Qb2
{0-1 (80) Saitek Sparc (2254)-Saitek Risc 2500 normal (2247) Zürich 2018}) 13.
h3 Re8 {Entwicklung mit Tempo.} 14. Be3 {Begibt sich ohne Not in eine Fesslung.
Besser wäre 14.Dd2 gewesen.} f5 {Droht mit ...f4 eine Figur zu gewinnen. Aber
14...Dc8 war stärker mit der lapidaren Drohung, dem Gegner mit dem
Läuferopfer auf h3 an die Kehle zu springen.} 15. Qd1 (15. Qe2 {kam ebenfalls
in Frage, denn} f4 16. Qf3 g6 17. Qxd5 fxe3 18. fxe3+ Kg7 19. Rf7+ {beschert
Schwarz ein schweres Leben}) 15... Qxc3 {Das sieht auf den ersten Blick etwas
gefährlich aus, weil Weiss auf den b- und c-Linien aktiv werden kann. Doch
scheint der Zug spielbar zu sein.} 16. Rc1 (16. Rb1 Qc7 17. Rc1 Bc6 18. Bxf5
$14) 16... Qa3 17. Qd2 (17. Rb1 b6 18. Rb3 Qxa2 19. Rb1 Bb8 20. Ra1 Qb2 21. Qf3
Re4 22. Rfb1 Qc3 23. Bxe4 dxe4 {unklar}) 17... Kg8 $6 {Ein seltsamer
Königszug, der die Entwicklung des h8-Turms verhindert. Logisch sieht 17...
Kf7 aus.} 18. Rc3 Qa5 19. Qb2 b6 $2 {Notwendig war 19...b5} 20. g3 $2 {
Verpasst eine Riesenchance, die jedoch zu tief versteckt ist für das
amerikanische Programm.} (20. a4 $3 $16 {war riesenstark und hätte die
ungünstige Stellung der schwarzen Dame ausgenützt.}) 20... g6 21. Bd2 Qa4 22.
Bf4 {Gut oder schlecht, das ist die Frage: Ein positionell etwas fragwürdiges
Manöver vor dem Hintergrund, dass nun die weisse Bauernstruktur zerhackt wird.
Andererseits wird der starke gegnerische Läufer beseitigt und verbleibt
Schwarz mit dem durch Weiss leicht angreifbaren d5-Bauer.} Bxf4 23. Ra3 Qc6 24.
gxf4 Qb7 25. Ba6 Qc7 26. Be2 Re7 27. Bf3 Be6 28. Qd2 Qd6 29. Rc3 Kf7 {Endlich
wird der h8-Turm frei.} 30. Rfc1 Bd7 31. Rc7 a6 32. Qd3 $15 {Schwarz steht
etwas besser und hätte den Vorteil mit 32...Lb5 festhalten können. Es folgt
aber ...} Be6 {... und nun ist es Weiss, der minimal besser steht} 33. Rxe7+ (
33. R1c6 Qxc7 34. Rxc7 Rxc7 35. Qxa6 $16) 33... Kxe7 34. Qxa6 Qxf4 {Nach
dieser Abwicklung hat sich die Lage beruhigt.} 35. Re1 Qd6 (35... Qxf3 {
ist auch möglich} 36. Qxb6 Kf6 37. Qxe6+ Kg5 38. Qe7+ Kh6 39. Qh4+ Qh5 40.
Qxh5+ Kxh5 $11) 36. Qb7+ Kf6 37. Re5 Rd8 $2 {Die Hergabe des h7-Bauern ist
nicht notwendig. Mit ...Lc8 hatte Schwarz eine genügende Verteidigung.} (37...
Bc8 38. Qxd5 (38. Qa7 Be6 $11) 38... Qxd5 39. Bxd5 Rd8 40. h4 f4 41. f3 Rd6 $11
) 38. Qxh7 Ra8 $6 {Das hätte in die Hosen gehen können.} 39. Re2 {Die beste
Chance auf deutlichen Vorteil bietet 39.h4 und Schwarz hätte es schwer.
Allerdings ist Schwarz auch nach dem Textzug nicht auf Rosen gebettet.} (39. h4
Rg8 40. Qh6 Qf8 41. Rxe6+ Kxe6 42. Qe3+ Kd7 43. Bxd5 $18 {und gewinnt}) 39...
Re8 (39... Rc8 {ist im Sinne der Verteidigung wesentlich stärker}) 40. Qh6 Qb4
$2 {Hier war ...Ld7 praktisch schon erzwungen} 41. Qh4+ {Als gar noch
wirkungsvoller schätzen die Engines 41.Df4 ein.} Kf7 42. Qf4 Qc4 43. h4 {
Jetzt wird es langsam wieder kritisch.} Rc8 $2 {Nach dieser schwerwiegenden
Ungenauigkeit schlittert der Risc 2500 akt in eine verlorene Stellung.
Widerstand leistet 43...Dc6} 44. Qe5 {Der 1.Gewinnzug sitzt.} Rc6 45. Qh8 $6 {
Mit dem unscheinbaren 45.Kg2 war die Partie rasch(er) zu gewinnen.} (45. Kg2 b5
46. Re3 Qxa2 {andere Züge retten auch nicht mehr} 47. h5 Kg8 48. hxg6 $18)
45... Qc1+ 46. Kg2 Qf4 47. Re3 Rc8 48. Qh7+ Kf6 49. Rxe6+ $6 {Leitet eine
nicht gerechtfertigte Abwicklung ein: Weiss gibt die Qualität für zwei
Bauern.} (49. Ra3 $1 {ist ein Gewinnzug}) 49... Kxe6 50. Qxg6+ Ke7 51. Bxd5 (
51. Qg7+ {sichert das Remis durch Dauerschach}) 51... Qg4+ 52. Qxg4 fxg4 {
Nun muss Weiss aufpassen, dass er nicht noch verliert.} 53. Be4 Rc4 54. h5 Rxd4
55. h6 Kf6 56. Bb1 Rd1 57. Bh7 b5 {Besser ...Td8} 58. Bg8 Rd3 59. Kf1 Rh3 60.
h7 Kg6 61. Ke2 Kg7 62. Kd2 b4 63. Kd1 Rh2 64. Ke1 Kh8 65. Kf1 Rh1+ 66. Ke2 Rh3
67. Ke1 Rh6 68. Ke2 Ra6 69. Kd2 (69. f3 gxf3+ 70. Kxf3 {ist Remis}) 69... Kg7
70. Ke3 Rf6 71. Ke2 Kh8 72. Ke3 Rf3+ 73. Ke2 Rf5 74. Ke3 Rf6 75. Ke2 Kg7 76.
Ke3 Rf3+ 77. Ke2 Kh8 78. Bd5 Rc3 79. Bg8 g3 80. fxg3 Rxg3 {Gemäss den
Lomonosov EGTB ist die Stellung jetzt Remis, Das ist aber auch ohne EGTB
offensichtlich, weil es für Schwarz keine Möglichkeit gibt, den a2-Bauer zu
erobern, ohne die Verwandlung des h7-Bauern zuzulassen.} 81. Kf2 Rh3 82. Ke2
Ra3 83. Kf2 Rc3 84. Ke2 Kg7 85. Kf2 Rh3 86. Ke2 Ra3 87. Ke1 Rd3 88. Ke2 Rh3 89.
Kd2 Rf3 90. Ke2 Rg3 91. Kd2 Kh8 92. Ke2 Rh3 93. Kf2 Rh6 94. Ke3 Rh4 95. Ke2 Rh5
96. Kd3 Rc5 97. Kd4 Rc7 98. Kd3 Rc1 99. Kd4 Rc6 100. Bd5 Rc7 101. Be4 Rc8 102.
Bd3 Rd8+ 103. Kc4 Rd6 104. Be4 Kg7 105. Kc5 Rd8 106. Bf5 Rb8 107. Bd3 Kh8 108.
Bb5 {Remis abgebrochen} 1/2-1/2

[Event "SaitekSparc_Risc2500akt"]
[Site "Zürich"]
[Date "2019.01.10"]
[Round "10"]
[White "Saitek Risc 2500 aktiv"]
[Black "Saitek Sparc"]
[Result "1-0"]
[WhiteElo "2247"]
[BlackElo "2254"]
[Annotator "KUT"]
[PlyCount "110"]
[EventDate "2019.01.01"]

1. e4 e6 {Match 120'/40 | Bediener: Rolf Bühler | 10. Partie | ECO C17:
Französische Verteidigung (Nimzowitsch-Variante) | Weiss gewinnt |
Zwischenstand: 6½:3½ (+5 -2 =3) für den Risc 2500 akt | Die weisse
Kompensation für den geopferten Bauer hat die Tendenz, sich zu verflüchtigen.
Doch Schwarz agiert nicht optimal und wird zum Damentausch gezwungen, wobei er
mit einer miserablen Bauernstruktur bei schlechterer Stellung zurückbleibt.
Und schon im 23. Zug ist es der Risc 2500 akt mit einem Mehrbauer bei noch
immer besserer Stellung. Und als im Endspiel dann gar der weisse König aktiv
in den Kampf eingreift, geht die Partie für den Saitek Sparc ohne mögliche
Gegenwehr den Bach runter.} 2. d4 d5 3. Nc3 Bb4 4. e5 c5 5. Bd2 {Dieser
zurückhaltende aber positionell äusserst gesunde Entfesslungszug, der die
Doppelbauern c2/c3 vermeidet, kann dem unvorbereiteten Schwarzspieler echt
Probleme machen, um die Initiative zu kämpfen.} Nc6 {Das ist statistisch
gegenüber 5...Se7 eine minderwertige Fortsetzung.} (5... Ne7 {gilt als die
verlässlichste Antwort, denn nach z. B.} 6. Nb5 Bxd2+ 7. Qxd2 O-O {hat Weiss
die schwarze Rochade nicht verhindern können} 8. dxc5 Nd7 9. f4 Nxc5 10. Bd3
Qb6 11. O-O-O Bd7 12. Nd4 Nc6 13. Ngf3 Nb4 14. Kb1 Rac8 15. Rc1 Ncxd3 16. cxd3
Bb5 17. Nxb5 Qxb5 18. d4 Rc4 19. b3 Nd3 20. Rc2 Rxc2 21. Kxc2 Rc8+ 22. Kb1 Nxf4
23. Rc1 Qd3+ 24. Qxd3 Rxc1+ 25. Kxc1 Nxd3+ 26. Kd2 Nb4 27. a3 Nc6 28. g4 f6 29.
h4 Kf7 30. Kd3 Kg6 31. h5+ Kh6 32. Ke3 fxe5 33. dxe5 g6 34. hxg6 Kxg6 35. Kf4
h6 36. b4 Kf7 37. Kg3 a6 38. Kh4 Kg6 39. Kg3 Kf7 40. Kh4 d4 41. Kg3 d3 42. Kf4
Nd4 43. Nd2 Nc2 44. Ke4 Nxa3 45. Kxd3 Nb5 46. Ne4 b6 47. Nf6 Kg6 48. Nd7 Kg5
49. Nxb6 Kxg4 50. Nd7 h5 51. Ke3 Kf5 52. Nc5 Nc7 53. Nd3 Nd5+ 54. Kf3 h4 55.
Kf2 Nc3 56. Kg2 Na4 57. Kh3 Ke4 58. Nc1 Kxe5 59. Kxh4 Kd4 60. Kg4 Kc3 61. Ne2+
Kxb4 62. Nd4 Nc5 63. Kf4 a5 64. Ke5 a4 65. Nc2+ Kc4 {0-1 (65) Kritz,L (2624)
-Kuljasevic,D (2528) Washington DC 2011}) 6. Nb5 Bxd2+ 7. Qxd2 Nxd4 8. Nxd4
cxd4 9. f4 {***ENDE BUCH***} Ne7 10. Nf3 Nf5 11. Bd3 (11. Bb5+ Bd7 12. Bd3 Qb6
13. Bxf5 Qxb2 14. O-O exf5 15. Nxd4 Qa3 16. Rf3 Qa6 17. Rc3 O-O 18. Rc7 Rfd8
19. Qb4 b5 20. Rc5 Qb7 21. Rd1 Rac8 22. Qa5 Qa8 23. Rc3 Rxc3 24. Qxc3 Qb7 25.
Qd3 g6 26. Rb1 a6 27. a4 Qa7 28. axb5 Bxb5 29. Qc3 Rb8 30. Ra1 Bc4 31. Qe3 Qb6
32. Rd1 a5 33. Ra1 Rb7 34. Kf2 Rd7 35. Kg1 Qa7 36. Qc3 a4 37. Ra3 Rb7 38. Ra1
Rb4 39. Kf2 Qb6 40. Ke3 Ba6 41. Qd2 g5 42. g3 gxf4+ 43. gxf4 Kh8 44. h4 Bc8 45.
Rd1 Be6 46. Qc1 Qc5 47. Qa1 Rc4 48. Kd3 Qe7 49. Rh1 a3 50. c3 Rc8 51. h5 Qc5
52. Rh3 Rg8 53. Rh2 Qc4+ 54. Kc2 a2 55. Kd2 Rg3 56. Ne2 d4 57. Nxg3 {0-1 (57)
Saitek Risc 2500 normal (2247)-Saitek Sparc (2254) Zürich 2018}) 11... Qb6 12.
Bxf5 Qxb2 {***ENDE BUCH***} 13. O-O exf5 14. Nxd4 Qa3 (14... O-O 15. Rfb1 Qa3
16. Rb3 Qa4 17. a3 b6 18. Rb4 Qa5 19. Qd3 Qc5 20. Kh1 g6 21. Rab1 Bd7 22. Nb3
Qc6 23. Rd1 a5 24. Nd4 Qc5 25. Rb3 Rfc8 26. Rd2 Rab8 27. Nb5 Bxb5 28. Rxb5 Qc4
29. Rxd5 Qxf4 30. h3 Re8 31. Qb5 h5 32. Re2 Re6 33. Qd3 Rbe8 34. g3 Qf1+ 35.
Kh2 f4 36. gxf4 Qxf4+ 37. Qg3 Qc4 38. Qf3 Qc7 39. Qg3 Rc6 40. Qg2 Rc8 41. Rdd2
Rc5 42. Qe4 Re8 43. Rd5 b5 44. Kh1 Qc6 45. Red2 Kg7 46. Qd4 Rc4 47. Qb2 Rd8 48.
e6+ f6 {0-1 (48) Santo Roman,M (2360)-Miralles,G (2410) Epinal 1986}) 15. Rf3 {
Für den ins Geschäft gesteckten Bauer hat Weiss etwas Kompensation in seiner
besseren Entwicklung und den aktiv aufgestellten Figuren.} Qa6 $2 {Das ist
natürlich falsch. Die Dame sollte nach e7 zurück und die folgende Antwort
verhindern.} 16. Qb4 {Verleidet dem schwarzen König die kurze Rochade.
Schwarz ist praktisch zum folgenden Zug gezwungen.} Qb6 17. Qxb6 axb6 {
Wenigstens hat der Damentausch dem Schwarzen das Rochaderecht wieder
eingeräumt. Aber Weiss steht bereits leicht besser. Die schwarze
Bauernstellung ist deutlich anfälliger als diejenige von Weiss. Der Mehrbauer,
da ein schwacher Doppelbauer auf der b-Linie zählt nicht mehr. Der
Riesenspringer auf d4 erfüllt eine grosse Aufgabe, wirkt er doch auf beide
Flügel hin.} 18. a3 Ra4 19. Rd3 O-O 20. Rb1 {Mit Angriff auf die schwachen
Doppelbauern.} g5 {Keine gute Wahl.} ({Nach} 20... Ra6 21. Rc3 Be6 22. Rc7 {
beherrscht Weiss das Brett, aber Schwarz kann noch mitspielen durch Attacken
auf die Bauern a3 und c2.}) 21. fxg5 Re8 22. Nf3 Ra5 23. Rxb6 $16 {Jetzt ist
es Weiss, der bei überlegener Stellung einen Bauern mehr sein eigen nennen
darf.} Rc5 24. Rd2 Ra5 25. Rb3 Kf8 26. Kf2 Kg8 {Der Saitek Sparc weiss nicht
mehr, was er tun soll.} 27. Ke3 Rc5 28. Kf4 Re7 29. Nd4 Rc4 {Kann Sxf5 gerade
noch verhindern.} 30. Rb5 Be6 31. g3 {Weiss hat keine Eile, denn Schwarz ist
mehr oder weniger hilflos den gegnerischen Aktionen ausgeliefert.} Kf8 32. Rd3
Rec7 33. Ke3 R4c5 34. Rxc5 Rxc5 35. Rb3 Bc8 36. Kf4 Rc4 37. Rb4 Rc3 38. a4 Rc7
39. a5 Rc5 40. Rb5 Rxb5 41. Nxb5 {Nach dem Turmtausch ist das Endspiel
hoffnungslos für Schwarz.} Bd7 42. Nd6 Bc6 43. Ke3 {Ein unverständlicher
Rückzug, der allerdings nicht wirklich etwas verdirbt. Nichts sprach aber
gegen Kxf5 oder Sxf5 bzw. vorerst c3, alles mit leichtem Gewinn.} Ke7 44. Nxf5+
Kd7 (44... Ke6 45. Nd4+ Kxe5 $4 {funktioniert nicht wegen} 46. Nxc6+ {und
Figurengewinn, denn Schwarz darf den Springer wegen des zur Dame laufenden
a-Bauern nicht schlagen.}) 45. c3 {Hier war 45.Kd4 am einfachsten.} Bb5 46. h4
Bc6 47. Kd4 Ke6 48. Nd6 {Damit gerät Schwarz in Zugzwang.} Kd7 49. Nxf7 {
Wenn die weissen drei Mehrbauern nun nicht gewinnen, dann müsste man der Risc
2500 akt in die Ecke stellen.} Ba4 50. Kxd5 Bb3+ 51. c4 Bd1 52. Kc5 Be2 53. Nd6
Bf3 54. Kb6 Bg2 55. Nxb7 Kc8 {Schwarz gibt auf} 1-0